Food safety practices by residential people live in sher-e-bangla agricultural university (sau) campus and bacterial count in milk found in sau market: a food safety issue / (Record no. 15579)

MARC details
000 -LEADER
fixed length control field 01169nam a22002657a 4500
003 - CONTROL NUMBER IDENTIFIER
control field BD-DhSAU
005 - DATE AND TIME OF LATEST TRANSACTION
control field 20211018171855.0
008 - FIXED-LENGTH DATA ELEMENTS--GENERAL INFORMATION
fixed length control field 210929b |||||||| |||| 00| 0 eng d
040 ## - CATALOGING SOURCE
Original cataloging agency BD-DhSAU
082 ## - DEWEY DECIMAL CLASSIFICATION NUMBER
Edition number 22
Classification number 636.085
Item number R2199
100 ## - MAIN ENTRY--PERSONAL NAME
Personal name RIDAY, MD. SAZZADUL ISLAM
Relator term Registration No.:# 13-05555
245 ## - TITLE STATEMENT
Title Food safety practices by residential people live in sher-e-bangla agricultural university (sau) campus and bacterial count in milk found in sau market: a food safety issue /
Remainder of title Ms Thesis
260 ## - PUBLICATION, DISTRIBUTION, ETC. (IMPRINT)
Place of publication, distribution, etc. Sher-e-Bangla Agricultural University Dhaka 1207;
Name of publisher, distributor, etc. Department of Animal Nutrition Genetics and Breeding;
Date of publication, distribution, etc. 2020;
300 ## - PHYSICAL DESCRIPTION
Extent xiv;
Other physical details 55p.;
Dimensions 30cm.;
500 ## - GENERAL NOTE
General note Including Index.;
590 ## - Name of Cataloguer
Name of Cataloger nazmul
600 ## - SUBJECT ADDED ENTRY--PERSONAL NAME
Fuller form of name Food safety practices
610 ## - SUBJECT ADDED ENTRY--CORPORATE NAME
Corporate name or jurisdiction name as entry element residential people live
650 ## - SUBJECT ADDED ENTRY--TOPICAL TERM
Topical term or geographic name as entry element sher-e-bangla agricultural university (sau) campus
651 ## - SUBJECT ADDED ENTRY--GEOGRAPHIC NAME
Geographic name bacterial count, milk found in sau market, food safety issue
700 ## - ADDED ENTRY--PERSONAL NAME
Personal name Prof. Dr. Md. Mufazzal Hossain
Relator term Supervisor
710 ## - ADDED ENTRY--CORPORATE NAME
Corporate name or jurisdiction name as entry element Ashikur Rahman
Relator term Co-Supervisor
856 ## - ELECTRONIC LOCATION AND ACCESS
Link text Online Access
Uniform Resource Identifier <a href="http://archive.saulibrary.edu.bd:8080/xmlui/handle/123456789/3360">http://archive.saulibrary.edu.bd:8080/xmlui/handle/123456789/3360</a>
942 ## - ADDED ENTRY ELEMENTS (KOHA)
Source of classification or shelving scheme Dewey Decimal Classification
Koha item type MS Level Thesis
Holdings
Withdrawn status Lost status Source of classification or shelving scheme Damaged status Not for loan Home library Branch Name Shelving location Date acquired Total Checkouts Full call number Barcode Date last seen Price effective from Koha item type
    Dewey Decimal Classification   Not For Loan SAU Library SAU Library Reference 18/10/2021   636.085 R2199 42788 18/10/2021 18/10/2021 MS Level Thesis